|
|
|
|
| LEADER |
00000cam a2200000 c 4500 |
| 001 |
271823097 |
| 003 |
DE-627 |
| 005 |
20250409174551.0 |
| 007 |
tu |
| 008 |
871102s1988 gw ||||| m 00| ||ger c |
| 015 |
|
|
|a 87,N42,0084
|2 dnb
|
| 015 |
|
|
|a 88,A16,0350
|2 dnb
|
| 016 |
7 |
|
|a 871208121
|2 DE-101
|
| 020 |
|
|
|a 3820413758
|9 3-8204-1375-8
|
| 035 |
|
|
|a (DE-627)271823097
|
| 035 |
|
|
|a (DE-576)01333073X
|
| 035 |
|
|
|a (DE-599)GBV271823097
|
| 035 |
|
|
|a (OCoLC)246659153
|
| 035 |
|
|
|a (OCoLC)19271034
|
| 035 |
|
|
|a (OCoLC)246659153
|
| 040 |
|
|
|a DE-627
|b ger
|c DE-627
|e rakwb
|
| 041 |
|
|
|a ger
|
| 044 |
|
|
|c XA-DE
|c XA-CH
|c XD-US
|
| 084 |
|
|
|a REL 190 (50)
|a S 626
|2 sfb
|
| 084 |
|
|
|a 13
|a 14
|2 sdnb
|
| 084 |
|
|
|a 1
|2 ssgn
|
| 084 |
|
|
|a MS 2350
|2 rvk
|0 (DE-625)rvk/123636:
|
| 084 |
|
|
|a BE 9000
|2 rvk
|0 (DE-625)rvk/10823:
|
| 084 |
|
|
|a BG 9720
|2 rvk
|0 (DE-625)rvk/11422:
|
| 084 |
|
|
|a 11.97
|2 bkl
|
| 100 |
1 |
|
|a Delden, Gisela van
|d 1954-
|0 (DE-588)122465709
|0 (DE-627)705918904
|0 (DE-576)164521321
|4 aut
|
| 109 |
|
|
|a Delden, Gisela van 1954-
|
| 245 |
1 |
0 |
|a "Jugendreligionen" - neue Religiosität oder Keimzelle neuer Gewalt?
|c Gisela van Delden
|
| 264 |
|
1 |
|a Frankfurt am Main
|a Bern [u.a.]
|b Lang
|c 1988
|
| 300 |
|
|
|a 279 S.
|
| 336 |
|
|
|a Text
|b txt
|2 rdacontent
|
| 337 |
|
|
|a ohne Hilfsmittel zu benutzen
|b n
|2 rdamedia
|
| 338 |
|
|
|a Band
|b nc
|2 rdacarrier
|
| 490 |
1 |
|
|a Europäische Hochschulschriften
|a Reihe 22, Soziologie = Sociologie = Sociology
|v 154
|
| 502 |
|
|
|a Zugl.: Bonn, Univ., Diss., 1987
|
| 583 |
1 |
|
|a Archivierung/Langzeitarchivierung gewährleistet
|f SSG
|x XA-DE-BW
|2 pdager
|5 DE-21
|
| 650 |
0 |
7 |
|0 (DE-588)4028926-6
|0 (DE-627)106276476
|0 (DE-576)208980105
|a Jugendreligion
|2 gnd
|
| 650 |
|
4 |
|a Jugendreligion
|
| 655 |
|
7 |
|a Hochschulschrift
|0 (DE-588)4113937-9
|0 (DE-627)105825778
|0 (DE-576)209480580
|2 gnd-content
|
| 689 |
0 |
0 |
|d s
|0 (DE-588)4028926-6
|0 (DE-627)106276476
|0 (DE-576)208980105
|a Jugendreligion
|2 gnd
|
| 689 |
0 |
|
|5 DE-101
|
| 689 |
1 |
0 |
|d s
|0 (DE-588)4028926-6
|0 (DE-627)106276476
|0 (DE-576)208980105
|a Jugendreligion
|2 gnd
|
| 689 |
1 |
|
|5 (DE-627)
|
| 751 |
|
|
|a Bonn
|0 (DE-588)4007666-0
|0 (DE-627)106372270
|0 (DE-576)208871632
|4 uvp
|
| 830 |
|
0 |
|a Europäische Hochschulschriften / 22
|v 154
|9 154
|w (DE-627)130123196
|w (DE-576)015656616
|w (DE-600)506210-X
|x 0721-3352
|7 am
|
| 889 |
|
|
|w (DE-576)902412428X
|
| 889 |
|
|
|w (DE-627)024124281
|
| 935 |
|
|
|a mteo
|
| 935 |
|
|
|i mdedup
|
| 935 |
|
|
|i Blocktest
|
| 936 |
r |
v |
|a MS 2350
|b Jugend, Kultur und Freizeit
|k Soziologie
|k Spezielle Soziologien
|k Jugendsoziologie
|k Jugend, Kultur und Freizeit
|0 (DE-627)1270710834
|0 (DE-625)rvk/123636:
|0 (DE-576)200710834
|
| 936 |
r |
v |
|a BE 9000
|b Gesamtdarstellungen, Allgemeines
|k Theologie und Religionswissenschaften
|k Religionswissenschaft
|k Religionsgeschichte
|k Religiöse Zeitgeschichte
|k Allgemeines
|k Gesamtdarstellungen, Allgemeines
|0 (DE-627)1270664301
|0 (DE-625)rvk/10823:
|0 (DE-576)200664301
|
| 936 |
r |
v |
|a BG 9720
|b Sonstige Freikirchen, Sekten und christliche Bewegungen (Pfingstbewegung, Charismatische Bewegungen, Heilsarmee u.a.)
|k Theologie und Religionswissenschaften
|k Fundamentaltheologie
|k Kirche und Kirchen
|k Freikirchen, sog. Sekten , (Neue) Religiöse Bewegungen
|k Sonstige Freikirchen, Sekten und christliche Bewegungen (Pfingstbewegung, Charismatische Bewegungen, Heilsarmee u.a.)
|0 (DE-627)1270658921
|0 (DE-625)rvk/11422:
|0 (DE-576)200658921
|
| 936 |
b |
k |
|a 11.97
|j Neue religiöse Bewegungen
|j Sekten
|0 (DE-627)181570408
|
| 951 |
|
|
|a BO
|
| ELC |
|
|
|b 1
|
| LOK |
|
|
|0 000 xxxxxcx a22 zn 4500
|
| LOK |
|
|
|0 001 3275297023
|
| LOK |
|
|
|0 003 DE-627
|
| LOK |
|
|
|0 004 271823097
|
| LOK |
|
|
|0 005 20140926083027
|
| LOK |
|
|
|0 008 140926||||||||||||||||ger|||||||
|
| LOK |
|
|
|0 040
|a DE-21-110
|c DE-627
|d DE-21-110
|
| LOK |
|
|
|0 689
|a s
|a Jugendreligionen
|
| LOK |
|
|
|0 689
|a s
|a Neue soziale Bewegungen
|
| LOK |
|
|
|0 852
|z Kein Bestand am IfK; Nachweis für KrimDok
|
| LOK |
|
|
|0 852
|a DE-21-110
|
| LOK |
|
|
|0 852 1
|m v
|9 00
|
| LOK |
|
|
|0 935
|a k110
|
| LOK |
|
|
|0 938
|k v
|
| LOK |
|
|
|0 939
|a 26-09-14
|b l01
|
| ORI |
|
|
|a SA-MARC-krimdoka001.raw
|